000 00356nam a2200169Ia 4500
100 _aBlatter/Christian
650 _aWavelets
942 _cBK
366 _f20
654 _awavelets
245 _aWavelets A primer
260 _bUniversities Press
_aMumbai
_c1998
082 _a515.723/BLA
_bBLA
300 _a202
546 _aENGLISH
999 _c33665
_d33665